الدلالة الصوتية والصرفية في لهجة الأقليم الشمالي / (رقم التسجيلة. 10567)
[ عرض عادي ]
| 000 -الفاتح | |
|---|---|
| عناصر البيانات ثابتة الطول | 00977cam a2200241 i 4500 |
| 005 - تاريخ ووقت آخر معاملة | |
| حقل ضبط | 20260223111244.0 |
| 008 - عناصر البيانات ثابتة الطول | |
| عناصر البيانات ثابتة الطول | 250721s1997 jo gr 000 0 ara d |
| 082 14 - رقم تصنيف ديوي العشري | |
| رقم التصنيف | 412 |
| رقم المادة | ع ب د |
| 100 1# - مدخل رئيسي – اسم شخصي | |
| الاسم الشخصي | عبد الجليل، عبد القادر |
| علاقة الشخص بالعمل/ دوره | مؤلف. |
| 245 12 - بيان العنوان | |
| العنوان | الدلالة الصوتية والصرفية في لهجة الأقليم الشمالي / |
| بيان المسؤولية | الدكتور عبد القادر عبد الجليل. |
| 246 11 - الأشكال المختلفة للعنوان | |
| العنوان الفعلي/العنوان المختصر | Phonologiral and Morphological study of nourthern region. |
| 250 ## - بيان الطبعة | |
| بيان الطبعة | الطبعة الاولى. |
| 264 31 - بيانات النشر، التوزيع…إلخ | |
| مكان النشر، التوزيع...إلخ | عمان : |
| اسم الناشر، الموزع...إلخ | دار صفاء للنشر والتوزيع، |
| تاريخ النشر، التوزيع...إلخ | 1997. |
| 300 ## - الوصف المادي | |
| عدد الوحدات المكونة للوعاء | 112صفحة. |
| 490 0# - بيان السلسلة | |
| عنوان السلسلة | الدراسات اللغوية ؛ |
| رقم الوعاء في السلسلة | رقم 3. |
| 650 17 - مدخل إضافي بالموضوع - مصطلح موضوعي | |
| مصطلح موضوعي أو اسم جغرافي كعنصر مدخل | علم الدلالة. |
| 650 17 - مدخل إضافي بالموضوع - مصطلح موضوعي | |
| مصطلح موضوعي أو اسم جغرافي كعنصر مدخل | اللغات العامية. |
| 650 17 - مدخل إضافي بالموضوع - مصطلح موضوعي | |
| مصطلح موضوعي أو اسم جغرافي كعنصر مدخل | اللهجات. |
| 650 17 - مدخل إضافي بالموضوع - مصطلح موضوعي | |
| مصطلح موضوعي أو اسم جغرافي كعنصر مدخل | اللغة العربية. |
| 830 #0 - مدخل إضافي بالسلسلة-عنوان مقنن | |
| عنوان السلسسلة | الدراسات اللغوية. |
| 942 ## - بيانات إضافية (كوها) | |
| نوع التنصيف | Dewey Decimal Classification |
| نوع المادة (كوها) | كتب |
| حالة السحب | حالة الفقدان | مصدر التصنيف | حالة التلف | غير قابل للإعارة | المكتبة الرئيسية | المكتبة الحالية | موقع الرف | تاريخ التزويد | الرقم المتسلسل | Total Checkouts | رقم الإستدعاء | تاريخ آخر ظهور | تاريخ الفاتورة | نوع المادة (كوها) | الباركود | العملة |
|---|---|---|---|---|---|---|---|---|---|---|---|---|---|---|---|---|
| Dewey Decimal Classification | المكتبة المركزية | المكتبة المركزية | الإعارة | 22/02/2026 | 16107 | 412/ ع ب د | 22/02/2026 | 22/02/2026 | كتب | PLD00930184 | JOD | |||||
| Dewey Decimal Classification | Unchecked | مكتبة الجويدة | مكتبة الجويدة | الإعارة | 06/07/2004 | 5887 | 412/عبد | 28/07/2025 | 06/07/2004 | كتب | ||||||
| Dewey Decimal Classification | مكتبة الحسن العامة | مكتبة الحسن العامة | الإعارة | 22/09/2018 | 10361 | 412/عبد | 28/07/2025 | 22/09/2018 | كتب | PLD00432609 | ||||||
| Dewey Decimal Classification | مكتبة النصر العامة | مكتبة النصر العامة | الإعارة | 12/03/2015 | [ 8629 ] | 412/عبد | 28/07/2025 | 12/03/2015 | كتب | PLD00376506 | ||||||
| Dewey Decimal Classification | مكتبة حمزة العامة | مكتبة حمزة العامة | الإعارة | 02/02/2016 | (5529.) | 412/عبد | 28/07/2025 | 02/02/2016 | كتب | PLD00371175 | ||||||
| Dewey Decimal Classification | مكتبة صويلح العامة | مكتبة صويلح العامة | الإعارة | 14/05/2019 | {12755} | 412/عبد | 28/07/2025 | 14/05/2019 | كتب | PLD00452934 | ||||||
| Dewey Decimal Classification | Unchecked | مكتبة وادي السير العامة | مكتبة وادي السير العامة | الإعارة | 06/07/2004 | 6757 | 412/عبد | 28/07/2025 | 06/07/2004 | كتب |